Clythocerus carinatus coelho, 1973 (<Crustacea: Decapoda>) primer registro de una especie de la familia Tymolidae para el Caribe colombiano (Registro nro. 14414)

Detalles MARC
000 -CABECERA
Campo de control 004360000a22001210004500
090 ## - CLASIFICACIÓN LOCAL
Colección AS
Consecutivo Seriadas
041 0# - IDIOMA
Código de idioma para texto/pista de sonido o título separado
100 1# - ASIENTO PRINCIPAL--NOMBRE PERSONAL
Nombre personal Campos, Néstor Hernando
245 10 - MENCION DE TITULO
Título Clythocerus carinatus coelho, 1973 (<Crustacea: Decapoda>) primer registro de una especie de la familia Tymolidae para el Caribe colombiano
700 1# - ASIENTO SECUNDARIO - NOMBRE PERSONAL
Nombre personal Cortés, Martha Lucía
773 1# - Item fuente:
Título Caldasia
Especificación de materiales 45
Descripción física 86
Paginas del Articulo 141-143
Lugar, editorial y fecha de publicación 1995
Información sobre la relación 18
942 ## - ELEMENTOS ADICIONALES (KOHA)
Tipo de ítem Artículo

No hay ítems disponibles.